000 00637nam a2200217 4500
003 OSt
005 20240708054148.0
006 a
008 240708b |||||||| |||| 00| 0 eng d
020 _a0131879464
040 _aDWCL-Main lib.
_cOC
082 _2Fourth edition
_aCirc. 530 H684p 2007
100 _aHobson, Art
245 _aPhysics : concepts and connections /
250 _aFourth edition
260 _aN. J. :
_bPearson Education, Inc.,
_cc2007.
300 _axvii,
_bvarious paging : ill. ;
_c25 cm.
504 _aIncludes index.
650 _a1. Physics-Textbooks.
942 _2ddc
_n0
_cBK-CIRC
_eFourth edition
_kCirc.
999 _c2093
_d2093